000
00332nam a2200121Ia 4500
003
GCL
008
140319s9999 xx 000 0 ara d
040
_a
GCL /
_c
GCL
082
0
4
_a
070.172
_b
س ك
245
1
0
_a
كشكول الصحافة
260
_a
[S.N] :
_b
الهيئة المصرية العامة للكتاب ،
_c
1992
490
_a
999
_c
30082
_d
30082